000 00417nam a22001697a 4500
003 OSt
005 20211008101534.0
008 211008b |||||||| |||| 00| 0 eng d
020 _a0805826696
040 _cHU
082 _a155.4223/EME
100 _aFRANCISCO LACERDA
_911548
245 _aEMERGING COGNITIVE ABILITIES IN EARLY INFANCY
260 _aAMERICA
_bLEA
_c2001
300 _a263P
942 _2ddc
_cBOOKS
_n0
999 _c10694
_d10694